| 000 | 00877nam a2200253 4500 | ||
|---|---|---|---|
| 001 | 178896 | ||
| 003 | ES-MaACL | ||
| 005 | 20240129115655.0 | ||
| 008 | 110729s2010 sp af |||| |dcat d | ||
| 020 | _a978-84-322-1280-2 | ||
| 080 | _a821.361-31"20" | ||
| 100 | 1 |
_aUribe Urbieta, Kirmen. _9112165 |
|
| 245 | 1 | 0 |
_aBilbao-New York-Bilbao / _cKirmen Uribe ; traducción del euskera por Ana Arregi. |
| 260 |
_aBarcelona : _bSeix Barral, _c[2010] |
||
| 300 |
_a207 p., [1] h. pleg. de lám. col. ; _c23 cm. |
||
| 490 | 1 | _aBiblioteca breve | |
| 586 | _aPremio Nacional de Narrativa 2009 | ||
| 700 | 1 |
_aArregi, Ana. _923243 |
|
| 700 | 1 |
_aArteta, Aurelio. _923456 |
|
| 830 | 0 |
_aBiblioteca breve (Seix Barral) _9227188 |
|
| 852 |
_aES-MaACL _jA-11392 _9185762 _bR.145870 _cDEPO1 _dOlim: N-4396 |
||
| 942 |
_2udc _cMONOGRAFIA |
||
| 999 |
_c178896 _d178896 |
||